书目信息 |
| 题名: |
拉丁美洲各族人民
|
|
| 作者: | 托卡列夫 , Токарев , 叶菲莫夫 , Ефимов 主编 ;李毅夫 译 | |
| 分册: | 上 | |
| 出版信息: | 北京 三联书店 1978 |
|
| 页数: | 2册(864页) | |
| 开本: | 20cm | |
| 丛书名: | ||
| 单 册: | ||
| 中图分类: | K730.8 | |
| 科图分类: | ||
| 主题词: | 民族志--拉丁美洲 | |
| 电子资源: | ||
| ISBN: | ||
| 000 | 01000nam0 2200301 45 | |
| 001 | 0178002471 | |
| 005 | 20060818090117.73 | |
| 010 | @dCNY3.65 | |
| 091 | @aCN@b11002.490 | |
| 100 | @a19950725d1978 em y0chiy0121 ea | |
| 101 | 1 | @achi@crus |
| 102 | @aCN@b110000 | |
| 105 | @ay z 000yy | |
| 200 | 10 | @a拉丁美洲各族人民@Ala ding mei zhou ge zu ren min@h上@f(苏)叶菲莫夫(А.В.Ефимов),(苏)托卡列夫(С.А.Токарев)主编@g李毅夫等译 |
| 210 | @a北京@c三联书店@d1978 | |
| 215 | @a2册(864页)@d20cm | |
| 300 | @a书名原文:Народы америки,томⅡ | |
| 300 | @a内部发行 | |
| 510 | 1 | @aНароды америки,томⅡ@zrus |
| 606 | @a民族志@y拉丁美洲 | |
| 690 | @aK730.8@v3 | |
| 701 | 1 | @a托卡列夫@Atuo ka lie fu@bС.А.@4主编 |
| 701 | A1 | @aТокарев@bС.А.@4主编 |
| 701 | 1 | @a叶菲莫夫@Aye fei mo fu@bА.В.@4主编 |
| 701 | A1 | @aЕфимов@bА.В.@4主编 |
| 702 | 0 | @a李毅夫@Ali yi fu@4译 |
| 801 | 0 | @aCN@bTSSF@c20060818 |
| 905 | @a10447@dK730.8@e6:1 | |
| 拉丁美洲各族人民.上/(苏)叶菲莫夫(А.В.Ефимов),(苏)托卡列夫(С.А.Токарев)主编/李毅夫等译.-北京:三联书店,1978 |
| 2册(864页);20cm |
| 书名原文:Народы америки,томⅡ.-内部发行 |
| ISBN :CNY3.65 |
| ● |
| 相关链接 |
|
|
|
|
正题名:拉丁美洲各族人民
索取号:K730.8/6:1
 
预约/预借
| 序号 | 登录号 | 条形码 | 馆藏地/架位号 | 状态 | 备注 |
| 1 | 0019578 | 001414071 | 第二样本阅览室/ [索取号:K730.8/6:1] | 在馆 | |
| 2 | 0443851 | 204438518 | 密集书库/ [索取号:K730.8/6:1] | 在馆 | |
| 3 | 0466456 | 204664568 | 密集书库/ [索取号:K730.8/6:1] | 在馆 |